00329nam a2200121 a 4500008004100000050001300041100002000054245004600074250001100120260005400131300001300185350000900198120416s1962 ||||||||||||||||| || u aT 11 Win aWinfrey, Robley10aTechnical and business report preparation a3rd.ed aAmes, IowabThe Iowa State University Pressc1962 ax, 340p. a0.00